Word Ladder: Smells Like Teen Spirit Lyrics Quiz Stats

 Plays Quiz Updated Aug 2, 2018

Challenge
Share
Tweet
Embed
Score 0/27 Timer 04:00
0 Plays Today
Clue 4-Letter Word % Correct
Opposite of hardSOFT
94.7%
* ___ we are now, entertain us *HERE
93.5%
Not fakeREAL
91.2%
* I ___ stupid and contagious *FEEL
90.4%
Peruse a bookREAD
88.7%
To organize into groupsSORT
88.1%
'___ We Forget'LEST
87.8%
Spool on the fishing poleREEL
87.7%
Opposite of followLEAD
87.6%
* ___ up on guns *LOAD
87%
A collection of animalsHERD
86.9%
* Our little group has always ___ *BEEN
86.8%
* I'm worse at what I do ___ *BEST
86.7%
Root plant vegetableBEET
85.7%
Clue 4-Letter Word % Correct
Get lumps out of flourSIFT
85.2%
A trail to travel on from town to townROAD
85.2%
* With the lights out, it's ___ dangerous *LESS
85.1%
Capital of SwitzerlandBERN
84.9%
* I found it ___ *HARD
83.1%
French for fatherPERE
81.2%
Open grassy areasLEAS
78.2%
Big '80s hairstyle or processPERM
75%
* Oh no I know, a dirty ___ *WORD
74.4%
Raised bank of land around a riverBERM
71.4%
Burt who was TV's RobinWARD
70%
* And for this ___, I feel blessed *GIFT
69.7%
Phase in the beermaking processWORT
68.8%

Today's Daily Dose

Missing Word
Britpop Albums

Word Ladder
Sing It!

On This Day
December 14th II

You're not logged in!

Compare scores with friends on all Sporcle quizzes.
OR
Log In

You Might Also Like...

Show Comments

Extras

Top Quizzes Today


Score Distribution

Your Account Isn't Verified!

In order to create a playlist on Sporcle, you need to verify the email address you used during registration. Go to your Sporcle Settings to finish the process.

Report this User

Report this user for behavior that violates our Community Guidelines.

Details: